| 000 | 00368nam a22001577a 4500 | ||
|---|---|---|---|
| 003 | SGT | ||
| 020 | _a9789387963818 | ||
| 082 |
_a617.695 _bM20M |
||
| 100 | _a Mahalaxmi S. | ||
| 245 | _aMaterials Used In Dentistry | ||
| 250 | _a2ND | ||
| 260 |
_aNEW DELHI _bWolter Kluwer Publisher _c2020 |
||
| 300 | _a1-936 | ||
| 650 | _aDental Materials | ||
| 942 |
_2ddc _cBK _08 |
||
| 999 |
_c20922 _d20922 |
||